00468nam a2200169 a 4500001001300000003000900013005001700022008004100039020002300080082002000103100001900123245004200142260003600184300000900220500003500229650003400264nice12345678IN_TiNIC20260116014633.0070427s2006 newa grp 000 0 eng  a8173046646 c79500a307.720954bVOR aVora, Rajendra aRegion, Culture and Politics in India aNew Delhi bManohar Pub. c2006 a380p aincludes index and biblioraphy aIndia-Social Life and Customs